Riconosci il Pokémon - Quiz n°108 - Statistics

Statistiche generali
  • Questo quiz è stato fatto 6 volte
  • Il punteggio medio è 7 su 10
Statistiche sulle risposte
Indizio Risposta % Corretto
Altezza 0,9 m (Normale); 0,7 m (Mini); 1,1 m (Grande); 1,7 m (Maxi)
83%
Peso 1,7 m (Maxi); 9,5 kg (Mini); 14,0 kg (Grande); 39,0 kg (Maxi)
83%
Sesso 50% ♂, 50% ♀
83%
Stadio evoluzione Prima evoluzione
83%
Generazione Sesta
83%
Tipo Spettro / Erba
83%
Abilità Raccolta; Indagine; Insonnia
67%
Tasso di cattura 60 (14.8%)
50%
Pokémon Gourgeist
50%
Tasso di allevamento Medio-Veloce
50%
Nessun quiz corrispondente trovato
Distribuzione punteggi
Percentuale di utenti per punteggio
Percentile per numero di risposta
I tuoi punteggi nel tempo
Non hai fatto questo quiz